000 00398nam a2200181Ia 4500
001 14179
005 20260306164855.0
008 260306t2008||||xx |||||||||||||| ||spa||
041 _aESP
082 _a510
_bL25
100 _aLarson, Ron
_eAUT
245 0 _aPrecálculo
260 _c2008
300 _av.s páginas :
_c25 cm.
650 _aGEN
654 _aCMA
942 _cLIB
_dJUS
_fJUS
_2ddc
_n
999 _c14179
_d14179